000 01344nam a2200325 a 4500
001 ebr10518310
003 CaPaEBR
006 m u
007 cr cn|||||||||
008 120112s2012 ncu sb 101 0 eng d
020 _z9780786469956
020 _z9780786490264 (e-book)
040 _aCaPaEBR
_cCaPaEBR
035 _a(OCoLC)774290206
050 1 4 _aPN1621
_b.C66 2011eb
111 2 _aComparative Drama Conference
_d(2011 :
_cLos Angeles, Calif.)
245 1 0 _aText & presentation, 2011
_h[electronic resource] /
_cedited by Kiki Gounaridou.
246 3 _aText and presentation, 2011
260 _aJefferson, N.C. :
_bMcFarland & Co.,
_c2012.
300 _aviii, 126 p.
490 1 _aThe comparative drama conference series,
_x1054-724X ;
_v8
504 _aIncludes bibliographical references and index.
533 _aElectronic reproduction.
_bPalo Alto, Calif. :
_cebrary,
_d2012.
_nAvailable via World Wide Web.
_nAccess may be limited to ebrary affiliated libraries.
650 0 _aDrama
_xHistory and criticism
_vCongresses.
655 7 _aElectronic books.
_2local
700 1 _aGounaridou, Kiki.
710 2 _aebrary, Inc.
830 0 _aComparative drama conference series ;
_v8.
856 4 0 _uhttp://site.ebrary.com/lib/rucke/Doc?id=10518310
_zAn electronic book accessible through the World Wide Web; click to view
999 _c224016
_d224016